Sistema completo de frenolojía [sic.], con aplicaziones al adelanto i mejoramiento del hombre, individual i sozialmente considerado / (Record no. 47932)

MARC details
000 -LEADER
campo de control de longitud fija 00739nam a2200205 i 4500
001 - NÚMERO DE CONTROL
campo de control 47932
003 - IDENTIFICADOR DE NÚMERO DE CONTROL
campo de control ES-MaACL
005 - FECHA Y HORA DE LA ÚLTIMA TRANSACCIÓN
campo de control 20230906161651.0
007 - CAMPO FIJO DE DESCRIPCIÓN FÍSICA--INFORMACIÓN GENERAL
campo de control de longitud fija t|
008 - DATOS DE LONGITUD FIJA--INFORMACIÓN GENERAL
campo de control de longitud fija 981117s1844 sp ||||1| spa d
040 ## - FUENTE DE CATALOGACIÓN
Centro catalogador/agencia de origen CAM
Lengua de catalogación spa
Centro/agencia transcriptor CCPB
100 1# - ENTRADA PRINCIPAL--NOMBRE DE PERSONA
Nombre de persona Cubí y Soler, Mariano.
9 (RLIN) 41936
245 10 - MENCIÓN DEL TÍTULO
Título Sistema completo de frenolojía [sic.], con aplicaziones al adelanto i mejoramiento del hombre, individual i sozialmente considerado /
Mención de responsabilidad, etc. por Mariano Cubí i Soler.
250 ## - MENCION DE EDICION
Mención de edición 2ª ed. corr., aum. y notablemente mejorada.
260 ## - PUBLICACIÓN, DISTRIBUCIÓN, ETC.
Lugar de publicación, distribución, etc. Barzelona [sic] :
Nombre del editor, distribuidor, etc. [s.n.],
Fecha de publicación, distribución, etc. 1844 (
Fabricante Imp. de J. Tauló)
300 ## - DESCRIPCIÓN FÍSICA
Extensión 574 p., [1] h. de lám. ;
Dimensiones 20 cm.
650 #4 - PUNTO DE ACCESO ADICIONAL DE MATERIA--TÉRMINO DE MATERIA
Término de materia o nombre geográfico como elemento de entrada Frenología.
9 (RLIN) 158711
852 ## - LOCALIZACIÓN
Ubicación ES-MaACL
Número de control de estantería G-9185
852 ## - LOCALIZACIÓN
Ubicación ES-MaACL
Número de control de estantería C-3865
Holdings
Estatus retirado Estado de pérdida Estado de daño No para préstamo Colección Biblioteca de origen Biblioteca actual Ubicación en estantería Fecha de adquisición Fuente de adquisición Total de préstamos Signatura topográfica completa Código de barras Visto por última vez Precio de reemplazo Tipo de ítem Koha
        Libros del s. XIX Biblioteca del Ateneo de Madrid Biblioteca del Ateneo de Madrid Sala Palomar 17/01/2008     C-3865 1050444 23/02/2023 23/02/2023 Libro impreso antiguo
        Libros del s. XIX Biblioteca del Ateneo de Madrid Biblioteca del Ateneo de Madrid Sala Pecera Planta 3 17/01/2008     G-9185 1050443 23/02/2023 23/02/2023 Libro impreso antiguo